عرض عادي
عرض مارك
- Italian Conference on Algorithms and Complexity
مدخل إسم مؤتمر
001 - رقم الضبط
- حقل الضبط: 8808
003 - معرف رقم الضبط
- حقل الضبط: OSt
005 - تاريخ ووقت أخر عملية
- حقل الضبط: 20111220193102.0
008 - عناصر بيانات ثابتة الطول
- حقل تحكم ثابت الطول: 111220|||a|||||| | ||| d
040 ## - مصدر الفهرسة
- هيئة الفهرسة الأصلية: OSt
- وكالة الكتابة: OSt
111 ## - مدخل -- اسم مؤتمر
- اسم الملتقي او اسم السلطه كعنصر مدخل: Italian Conference on Algorithms and Complexity
- رقم الجزء / القسم/ الملتقي: (4th :
- تاريخ المؤتمر: 2000 :
- مكان الملتقي: Rome, Italy)
670 ## - بيانات المصدر موجوده
- الاستشهاد بالمصدر: Work cat.: (OSt)3609: Italian Conference on Algorithms and Complexity (4th : 2000 : Rome, Italy), Algorithms and complexity :, c2000.
